London Underground - Stations on the Northern Line Quiz Stats

 Plays Quiz Updated Nov 10, 2018

Support Sporcle.
Go Orange.
Score 0/50 Timer 10:00
1 Play Today
Station % Correct
King's Cross St. Pancras
84.1%
Bank
82.7%
Euston
82.4%
Morden
78.6%
Camden Town
77.4%
Waterloo
77%
Angel
76.5%
Charing Cross
76.1%
London Bridge
74.9%
Tottenham Court Road
74.7%
Elephant & Castle
73.2%
Leicester Square
72%
Kennington
70.8%
Old Street
70.7%
Embankment
70.1%
High Barnet
69.6%
Moorgate
69.5%
Goodge Street
68.9%
Oval
68.9%
Clapham Common
68.5%
Mornington Crescent
68.2%
Clapham North
68%
Warren Street
67.8%
Edgware
67.4%
Clapham South
67.3%
Station % Correct
Borough
65%
Tooting Bec
64.6%
Tooting Broadway
61%
Balham
60.9%
Stockwell
60.6%
Mill Hill East
60.5%
Hampstead
59%
Chalk Farm
58.2%
Archway
57.7%
Highgate
57.4%
Golders Green
57.4%
East Finchley
56.8%
Kentish Town
56.6%
South Wimbledon
55.5%
Finchley Central
55.4%
Belsize Park
51.2%
Colliers Wood
50.6%
Brent Cross
49.4%
Tufnell Park
47.4%
West Finchley
47.2%
Colindale
46.1%
Totteridge & Whetstone
45.9%
Hendon Central
45.3%
Burnt Oak
43.7%
Woodside Park
35.8%

From the Vault

Where's My Border Gone? (Asia)

by SporcleEXP

I swear they were there a minute ago!
Remove Ads.
Support Sporcle.
Get the best of Sporcle when you Go Orange. This ad-free experience offers more features, more stats, and more fun while also helping to support Sporcle. Thank you for becoming a member.

Show Comments

Extras

Top Quizzes Today


Score Distribution

Your Account Isn't Verified!

In order to create a playlist on Sporcle, you need to verify the email address you used during registration. Go to your Sporcle Settings to finish the process.

Report this User

Report this user for behavior that violates our Community Guidelines.

Details: